| 000 | 01257nam0a2200313 4500 | ||
|---|---|---|---|
| 001 | RU\NLR\bibl\1401414 | ||
| 005 | 20250615204355.0 | ||
| 010 |
_a978-5-94646-188-7 _91000 |
||
| 021 |
_aRU _b2009-46609 _92838 |
||
| 035 | _a(NLR Aleph) 001393419 | ||
| 090 |
_a1176741 _c1176741 |
||
| 100 | _a20090814d2008 |||y0rusy50 ca | ||
| 101 | 0 | _arus | |
| 102 | _aRU | ||
| 105 | _aa ||||||||| | ||
| 200 | 1 |
_aТеория и практика государственно-частного партнерства _fА.П. Берестов _gРос. акад. наук, Ур. отд-ние, Ин-т экономики |
|
| 210 |
_aЕкатеринбург _cИнститут экономики _d2008 |
||
| 215 |
_a167 с. _cил. _d21 |
||
| 320 | _aБиблиогр.: с. 163-167 (71 назв.) и в подстроч. прим. | ||
| 606 | 1 |
_aКонцессии _xПравовое регулирование _yРоссийская Федерация _92271511 _3RU\NLR\auth\661361442 |
|
| 686 | _aУ9(2)-562(2Р) | ||
| 686 | _aХ623.211.3 | ||
| 700 | 1 |
_aБерестов _bА. П. _gАлександр Павлович _4070 |
|
| 801 | 0 |
_aRU _bNLR _c20090814 _gRCR |
|
| 801 | 1 |
_aRU _bNLR _c20090814 |
|
| 830 | _aпо кн | ||
| 942 | _cBOOK | ||
| 980 | _aNB | ||